Statistics for Names of Countries in their Own Language #2

Click here to take the quiz!

General Stats

  • This quiz has been taken 40 times
    (10 since last reset)
  • The average score is 15 of 22

Answer Stats

ContinentNameCountry% Correct
OceaniaVitiFiji
89%
North AmericaAyitiHaiti
89%
AfricaCôte D'ivoireIvory Coast
89%
OceaniaAotearoaNew Zealand
89%
OceaniaPapua GiuginiPapua New Guinea
89%
EuropeCivitas VaticanaVatican City
89%
AfricaComores KoromiComoros
78%
EuropeHrvatskaCroatia
78%
EuropeÉireIreland
78%
OceaniaAorōkin M̧ajeļMarshall Islands
78%
OceaniaBelauPalau
78%
EuropeEestiEstonia
67%
EuropeMagyarországHungary
67%
South AmericaPiruwPeru
67%
AsiaSak'art'veloGeorgia
56%
AsiaAl-'UrdunJordan
56%
AsiaHayastánArmenia
44%
AsiaDruk YulBhutan
44%
AfricaKödörösêse tî BêafrîkaCentral African Republic
44%
AsiaBukchosŏnNorth Korea
44%
AfricaDzayerAlgeria
33%
AfricaMisrEgypt
33%

Score Distribution

Percentile by Number Answered

Percent of People with Each Score

Your Score History

You have not taken this quiz since the last reset